Διαχείριση αποβλήτων βιομηχανιών μεταποίησης τροφίμων : εφαρμογή για τον κλάδο της χυμοποιείας : [μεταπτυχιακή διατριβή]
Αποθηκεύτηκε σε:
| Κύριος συγγραφέας: | |
|---|---|
| Συγγραφή απο Οργανισμό/Αρχή: | |
| Άλλοι συγγραφείς: | |
| Μορφή: | Thesis Βιβλίο |
| Γλώσσα: | Greek |
| Δημοσίευση: |
2010
|
| Θέματα: | |
| Διαθέσιμο Online: | http://hdl.handle.net/11610/14786 |
| Ετικέτες: |
Προσθήκη ετικέτας
Δεν υπάρχουν, Καταχωρήστε ετικέτα πρώτοι!
|
MARC
| LEADER | 00000cam a2200000 i 4500 | ||
|---|---|---|---|
| 001 | 1/15986 | ||
| 008 | 111025s2010 gre d | ||
| 035 | |l 10111192 | ||
| 040 | |a GR-MY-UA |b gre |e aacr | ||
| 041 | 0 | |a gre | |
| 082 | 0 | |a 628.5 |2 (22) | |
| 100 | 1 | |a Ασημακόπουλος, Θεόδωρος. | |
| 245 | 1 | 0 | |a Διαχείριση αποβλήτων βιομηχανιών μεταποίησης τροφίμων : |b εφαρμογή για τον κλάδο της χυμοποιείας : [μεταπτυχιακή διατριβή] / |c επιμέλια: Ασημακόπουλος Θεόδωρος ; επιβλέπων καθηγητής: Στασινάκης Αθανάσιος |
| 260 | |c 2010 | ||
| 300 | |a 120 σ.; |b πιν.; |c 30 εκ. | ||
| 502 | |a Διατριβή (μεταπτυχιακή) – Πανεπιστήμιο Αιγαίου, Λέσβος, 2011. | ||
| 504 | |a Βιβλιογραφία: σ. 118-120 | ||
| 650 | 0 | 0 | |a Factory and trade waste |x Purification. |
| 650 | 0 | 0 | |a Dairy products industry |x Waste disposal. |
| 650 | 0 | 0 | |a Dissertations, Academic |z Greece. |
| 700 | 1 | |a Στασινάκης, Αθανάσιος. |4 ths | |
| 710 | 2 | |a Πανεπιστήμιο Αιγαίου |b Σχολή Περιβάλλοντος |b Τμήμα Περιβάλλοντος |b Θεοφράστειο Πρόγραμμα Μεταπτυχιακών Σπουδών Περιβαλλοντική και Οικολογική Μηχανική. | |
| 852 | |a INST |b LESVOS |c DIATR |e 20111025 |h 191 |p 005100051211 |q 005100051211 |t MTXE |y 23 | ||
| 852 | |a INST |b LESVOS |c DIATR |e 20111025 |h 192 |p 005100051210 |q 005100051210 |t MTXE |y 23 | ||
| 856 | |u http://hdl.handle.net/11610/14786 | ||
| 901 | |a BIBL1-2011-3 | ||
| 909 | |a Λ |b 172928 | ||
| 909 | |a Λ |b 172929 | ||
| 924 | |a ΑΣΗΜΑΚΟΟΠΥΛΟΣ |b ΘΕΟΔΩΡΟΣ |y ΛΕΣΒΟΣ |z 2010-04 | ||
| 970 | |a ΤΖΑΦΕΡΗ |b ΕΥΑΓΓΕΛΙΑ |z 2011/10/25 | ||